Statistiques concernant Les recrues mercato du PSG dans les années 2000

Cliquez ici pour prendre le quiz!

Statistiques générales

  • Ce quiz a été pris 119 fois
  • Le résultat moyen est 56 sur 188

Statistiques - réponses

ClubValeur TransfertJoueur% Correct
Francfort95M€Randal Kolo Muani
95%
Barcelone50M€Ousmane Dembélé
91%
Lyon45M€Bradley Barcola
90%
Bayern45M€Lucas Hernandez
90%
Sporting
60M€Manuel Ugarte
84%
Barcelone222M€Neymar
84%
MonacoPrêtKylian Mbappé
83%
Monaco180M€Kylian Mbappé
83%
BarceloneLibreLionel Messi
78%
Inter68M€Achraf Hakimi
77%
Reims28.5M€Hugo Ekitike
77%
ReimsPrêtHugo Ekitike
77%
InterLibreMilan Skriniar
77%
FC Porto41.5M€Vitinha
73%
Valence18M€Carlos Soler
72%
Mallorca22M€Kang-in Lee
72%
Real MadridLibreMarco Asensio
72%
Sporting38M€Nuno Mendes
72%
SportingPrêt + 7M€Nuno Mendes
72%
PSV4M€Xavi Simons
72%
Naples64.5M€Edinson Cavani
70%
AC MilanLibreGianluigi Donnarumma
70%
AC Milan21M€Zlatan Ibrahimovic
70%
Naples23M€Fabian Ruiz
69%
Real MadridLibreSergio Ramos
68%
BenficaPrêtGonçalo Ramos
64%
Roma31.4M€Marquinhos
64%
AC Milan42M€Thiago Silva
64%
Pescara12M€Marco Verratti
63%
LiverpoolLibreGeorginio Wijnaldum
61%
Man United63M€Angel Di Maria
59%
Lille15M€Renato Sanches
59%
Naples30M€Ezequiel Lavezzi
58%
Palermo42M€Javier Pastore
58%
FC Porto16M€Danilo Pereira
57%
FC PortoPrêt + 4M€Danilo Pereira
57%
Everton30M€Idrissa Gueye
57%
Zénith St-P40M€Leandro Paredes
57%
Saint-Etienne8M€Blaise Matuidi
56%
InterPrêtMauro Icardi
56%
Inter50M€Mauro Icardi
56%
RB Leipzig12M€Nordi Mukiele
56%
BenficaLibreCher Ndour
55%
Chelsea49.5M€David Luiz
53%
Sao Paulo40M€Lucas Moura
53%
Wolfsburg36M€Julian Draxler
52%
Real Madrid15M€Keylor Navas
52%
Los AngelesLibreDavid Beckham
51%
Monaco25M€Layvin Kurzawa
51%
BarceloneLibreArnau Tenas
50%
Real Madrid25M€Jesé
49%
Schalke 0437M€Thilo Kehrer
49%
Inter Milan11.5M€Thiago Motta
47%
FC Séville18M€Pablo Sarabia
45%
Bayern5M€Juan Bernat
44%
Francfort9.5M€Kevin Trapp
44%
Newcastle25M€Yohan Cabaye
44%
JuventusLibreGianluigi Buffon
43%
Club Brugge6M€Thomas Meunier
43%
OGC NiceLibreHatem Ben Arfa
42%
ToulousePrêtSerge Aurier
42%
Toulouse10M€Serge Aurier
42%
Rosario10M€Giovani Lo Celso
41%
Barcelone3.5M€Maxwell
41%
AjaxLibreMitchel Bakker
41%
EvertonPrêtMoise Kean
41%
Man UnitedLibreAnder Herrera
40%
Lorient11M€Kévin Gameiro
40%
Palermo3.9M€Salvatore Sirigu
40%
OrléansLibreAlexandre Letellier
39%
JuventusLibreDani Alves
39%
Monaco5M€Nenê
39%
Dortmund32M€Abdou Diallo
38%
Chelsea5M€Alex
38%
Ajax6M€Gregory van der Wiel
38%
Grêmio5M€Ronaldinho
38%
FC Séville27.5M€Grzegorz Krychowiak
35%
Benfica30M€Gonçalo Guedes
34%
Bordeaux11M€Pauleta
34%
Lorient2.5M€Christophe Jallet
33%
Roma8M€Jérémy Ménez
33%
AS RomaPrêt+500K€Alessandro Florenzi
32%
Lille15M€Lucas Digne
32%
FC SévillePrêtSergio Rico
32%
FC Séville6M€Sergio Rico
32%
Stoke CityLibreEric Maxim Choupo-Moting
31%
Le Havre500k€Guillaume Hoarau
31%
Real Sociedad16M€Yuri Berchiche
31%
ChelseaLibreClaude Makélélé
30%
Real Madrid34.5M€Nicolas Anelka
28%
Tottenham8.6M€Benjamin Stambouli
27%
Barcelone1.5M€Rafinha
25%
Juventus8M€Mohamed Sissoko
24%
Fenerbahçe3M€Diego Lugano
22%
RennesLibreNicolas Douchez
22%
Saint-Etienne6M€Zoumana Camara
22%
Al-JaziraLibreLassana Diarra
20%
ChelseaLibreMarcin Bulka
20%
Lyon2.5M€Mathieu Bodmer
20%
Nantes5M€Sylvain Armand
20%
Monaco10M€Jérôme Rothen
19%
Roma2.5M€Ludovic Giuly
18%
Valencienne3.2M€Milan Bisevac
18%
Rapid 1923LibreApoula Edel
17%
Marseille4M€Péguy Luyindula
17%
Atlético800K€Grégory Coupet
16%
Rangers2M€Jérémy Clément
16%
Sochaux8.5M€Mevlüt Erdinç
16%
NantesLibreMickaël Landreau
16%
Internacional2M€Ceara
15%
Real Valladolid3.5M€Gabriel Heinze
15%
FenerbahçePrêtMateja Kezman
15%
Fenerbahçe3.7M€Mateja Kezman
15%
Nantes10M€Mario Yepes
14%
Le Mans8M€Stéphane Sessègnon
14%
GuingampInconnuFabrice Fiorèse
13%
Valenciennes1.5M€Siaka Tiéné
13%
Sao Paulo4M€Souza
13%
Nice1.5M€Sammy Traoré
11%
GueugnonPrêtHabibou Traoré
10%
Espanyol3M€Mauricio Pochettino
10%
Strasbourg3M€Amara Diané
9%
Barcelone6M€Frédéric Déhu
8%
BarcelonePrêtMikel Arteta
8%
Sans ClubLibreRonan Le Crom
8%
Saint-ÉtienneLibreJérôme Alonzo
7%
Man CityInconnuAlioune Touré
6%
Caen2.7M€Bernard Mendy
6%
Corinthians2M€Everton Santos
6%
MarseilleInconnuJérôme Leroy
6%
MarseillePrêtJérôme Leroy
6%
AJ Auxerre8.5M€Bonaventure Kalou
5%
LensLibreCharles-Edouard Coridon
5%
Strasbourg3.3M€Danijel Ljuboja
5%
Le Mans3M€Fabrice Pancrate
5%
Le MansPrêtFabrice Pancrate
5%
Rennes3.5M€Grégory Bourillon
5%
MetzLibreLionel Létizi
5%
River PlateLibreMarcelo Gallardo
5%
Lyon5M€Pierre-Alain Frau
5%
CSKA Moscou2.5M€Sergey Semak
5%
GueugnonLibreSylvain Distin
5%
AC Milan3.2M€Vikash Dhorasoo
5%
Le Havre2.5M€Didier Digard
3%
CruzeiroPrêtJuan Pablo Sorín
3%
MarseilleInconnuPeter Luccin
3%
Marseille10.75M€Stéphane Dalmat
3%
PenarolLibreCarlos Bueno
2%
LilleLibreChristophe Landrin
2%
MontpellierInconnuFrancis Llacer
2%
Atlético9.5M€Hugo Leal
2%
Sedan3M€Modeste M'Bami
2%
Flamengo10M€Reinaldo
2%
LilleLibreStéphane Pichot
2%
AJ AuxerreLibreStéphane Véron
2%
Tenerife11M€André Luiz
1%
BoltonInconnuBernard Mendy
1%
Crvena Zvezda6M€Branko Boskovic
1%
Penarol500K€Cristian Rodriguez
1%
Istres1M€Filipe Teixeira
1%
BenficaLibreHélder Cristóvão
1%
AS MonacoPrêtJosé-Karl Pierre-Fanfan
1%
MonacoLibreJosé-Karl Pierre-Fanfan
1%
Fluminense750K€Paulo César
1%
ElversbergLibreStéphane Gillet
1%
Chicago FireLibreVedad Ibisevic
1%
MalagaPrêtAgostinho
0%
Aarau1.2M€Albert Baning
0%
Saint-ÉtiennePrêt + 500K€Alex Dias
0%
EvertonPrêtAlex Nyarko
0%
Saint-Étienne1M€Aloisio Chulapa
0%
Lobi StarsInconnuBartholomew Ogbeche
0%
EspanyolInconnuCristóbal Parralo
0%
Club Brugge3M€David Rozehnal
0%
Newcastle5.34M€Didier Domi
0%
AS MonacoPrêtÉric Cubilier
0%
FC Bâle1.6M€Hakan Yakın
0%
NantesLibreJean-Claude Lanoizelet
0%
NantesLibreJean-Hugues Ateba
0%
Saint-ÉtienneLibreLionel Potillon
0%
River PlateInconnuMartín Cardetti
0%
08 HomburgLibreMohamed Bachtobji
0%
EspanyolPrêtQuique de Lucas
0%
Kano PillarsInconnuRabiu Baita
0%
CannesInconnuRomain Rocchi
0%
LensPrêtStéphane Pédron
0%
InterInconnuVampeta
0%
ValenciennesLibreWilly Grondin
0%

Distribution des résultats

Percentile par nombre de réponses

% des personnes avec chaque résultat

Votre développement - résultats

Vous n’avez pas pris ce quiz